Religions

Bibliographic Details
Corporate Author: Multidisciplinary Digital Publishing Institute
Format: Electronic Journal
Language:English
Published: Basel, Switzerland : MDPI AG, [2010]-
Subjects:
Online Access:Full text available from Research Library: 01/01/2010 to present

MARC

LEADER 00000nas a2200000 i 4500
001 ssj0000800739
003 WaSeSS
005 20200512172242.0
006 m d
007 cr n
008 111215c20109999sz qr p s 0 0eng c
010 |a  2012269085 
022 |a 2077-1444  |l 2077-1444 
035 |a (WaSeSS)ssj0000800739 
040 |a OSU  |b eng  |c OSU  |d CGU  |d AU@  |d UTV  |d OCLCQ  |d CUS  |d OCLCF  |d OCLCO  |d ELW  |d OCLCO  |d WaSeSS 
042 |a pcc 
210 0 |a Religions (Basel) 
222 0 |a Religions (Basel) 
245 0 0 |a Religions  |h [electronic resource]. 
260 |a Basel, Switzerland :  |b MDPI AG,  |c [2010]- 
310 |a Quarterly 
347 |3 abstracts  |a text file  |b HTML  |2 rda 
347 |3 articles  |a text file  |b PDF  |2 rda 
362 1 |a Began with v. 1, issue 1 (Dec. 2010). 
506 |a License restrictions may limit access. 
588 |a Description based on: V. 1, issue 1 (December 2010); title from navigational menu bar (publisher's Web site, viewed November 28, 2012). 
588 |a Latest issue consulted: V. 3, issue 3 (September 2012) (publisher's Web site, viewed November 28, 2012). 
650 0 |a Religions  |v Periodicals. 
650 0 |a Theology  |v Periodicals. 
650 7 |a Religions.  |2 fast  |0 (OCoLC)fst01093898 
650 7 |a Theology.  |2 fast  |0 (OCoLC)fst01149559 
655 0 |a Electronic journals. 
710 2 |a Multidisciplinary Digital Publishing Institute. 
856 4 0 |z Full text available from Research Library: 01/01/2010 to present  |u https://search.proquest.com/publication/2032339